| 000 | 00565nam a2200181 i 4500 | ||
|---|---|---|---|
| 001 | 48611 | ||
| 003 | ES-MaACL | ||
| 005 | 20230906161801.0 | ||
| 007 | t| | ||
| 008 | 950726s1892 sp ||||1| spa d | ||
| 040 |
_aCAM _bspa _cCAM |
||
| 080 | _a821.134.2-13"18" | ||
| 100 | 1 |
_aDevolx y García, José. _944021 |
|
| 245 | 1 | 3 |
_aLa epopeya de Colón _b: (bosquejo épico) / _cpor J. Devolx. |
| 260 |
_aMadrid : _b[s.n.], _c1892 ( _fImprenta de S. Francisco de Sales) |
||
| 300 |
_a67 p. ; _c18 cm. |
||
| 852 |
_aES-MaACL _jT-947-F-4 _z.- Donat. Ministerio de Fomento |
||
| 999 |
_c48611 _d48611 |
||